TV Characters' Characteristics Quiz Stats

 Plays Quiz Updated Aug 30, 2019

Score 0/36 Timer 06:00
2 Plays Today
% Correct
The Big Bang Theory
89.3%
Family Guy
89.2%
Friends
88.6%
How I Met Your Mother
85.2%
Mad Men
71.2%
Scrubs
69.6%
Heroes
64.2%
SpongeBob SquarePants
63.2%
Arrested Development
60.7%
Breaking Bad
59.8%
Modern Family
57.2%
Lost
56.9%
Game of Thrones
51.6%
Rugrats
48.7%
The Walking Dead
42.1%
Bones
39.6%
Gossip Girl
33.9%
Boardwalk Empire
31.5%
% Correct
The Sopranos
31.3%
Battlestar Galactica
26.9%
Psych
26.8%
Firefly
26.5%
Doctor Who
26.4%
Criminal Minds
24.8%
Recess
24.7%
White Collar
23.6%
Weeds
22.9%
Revenge
21.5%
Archer
19.6%
The Office (US)
18.5%
Fresh Prince of Bel-Air
17.2%
Avatar: The Last Airbender
17%
True Blood
16.1%
Orange is the New Black
15.5%
Scandal
14.7%
How to Get Away with Murder
9.2%

You're not logged in!

Compare scores with friends on all Sporcle quizzes.
OR
Log In

Sporcle TV

Today on Sporcle TV


Watch our educational content, quiz creation guides, and fun videos on Sporcle TV.

Show Comments

Extras

Top Quizzes Today


Score Distribution

Your Account Isn't Verified!

In order to create a playlist on Sporcle, you need to verify the email address you used during registration. Go to your Sporcle Settings to finish the process.

Report this User

Report this user for behavior that violates our Community Guidelines.

Details: